Nghiên cứu phân tích tổng hàm lượng photpho trong một số loại đất trồng rau và trồng cây ăn quả trên địa bàn thành phố Đà Nẵng bằng phương pháp quang phổ hấp thụ phân tử UV-VIS

Các phương pháp phân tích photpho phù hợp với điều kiện của phòng thí nghiệm hiện tại. Áp dụng vào để phân tích một số mẫu đất trồng trồng rau và trồng cây ăn quả trên địa bàn thành phố Đà Nẵng, từ đó đánh giá hàm lượng photpho tổng của các mẫu đất ở các địa điểm lấy mẫu....

Cur síos iomlán

Đã lưu trong:
Sonraí Bibleagrafaíochta
Príomhúdar: Đoàn Thị Như Sương
Údair Eile: Lê Thị Mùi (Hướng dẫn)
Formáid: Leabhar
Foilsithe: Đà Nẵng Đại học Sư phạm, Đại học Đà Nẵng 2012
Ábhair:
Clibeanna: Cuir Clib Leis
Gan Chlibeanna, Bí ar an gcéad duine leis an taifead seo a chlibeáil!
Thư viện lưu trữ: Mạng thư viện Đại học Đà Nẵng
LEADER 02178nam a2200337 4500
001 000017534
003 13953
005 20130424080409.0
008 130424s2012 sd
082 |a 668.64  |b ĐO-S 
100 1 |a Đoàn Thị Như Sương 
245 |a Nghiên cứu phân tích tổng hàm lượng photpho trong một số loại đất trồng rau và trồng cây ăn quả trên địa bàn thành phố Đà Nẵng bằng phương pháp quang phổ hấp thụ phân tử UV-VIS  |c Đoàn Thị Như Sương ; Lê Thị Mùi hướng dẫn  |k Khóa luận tốt nghiệp 
260 |a Đà Nẵng  |b Đại học Sư phạm, Đại học Đà Nẵng  |c 2012 
300 |a 47 tr.  |b Hình mh.  |c 29 cm.  |e Đĩa CD, bản tóm tắt 
500 |a Khóa luận tốt nghiệp đại học. Chuyên ngành:Cử nhân Phân tích - Môi trường 
504 |a Mục lục đầu trang, tài liệu tham khảo tr. 73 - 74, phụ lục [13 tr.] 
520 |a Các phương pháp phân tích photpho phù hợp với điều kiện của phòng thí nghiệm hiện tại. Áp dụng vào để phân tích một số mẫu đất trồng trồng rau và trồng cây ăn quả trên địa bàn thành phố Đà Nẵng, từ đó đánh giá hàm lượng photpho tổng của các mẫu đất ở các địa điểm lấy mẫu. 
600 1 4 |b Vua  |c Đinh Tiên Hoàng 
650 0 4 |a Đất nông nghiệp  |v Khóa luận tốt nghiệp  |x Phương pháp trắc quang phân tử UV-ViS  |x Nghiên cứu  |x Hàm lượng photpho 
653 |a Khoa Hóa học  |a Đất nông nghiệp  |a Phương pháp trắc quang phân tử UV-ViS  |a Hàm lượng photpho 
700 |a Lê Thị Mùi  |e Hướng dẫn 
OWN |a LSP 
AVA |a UDN50  |b LSP  |d 668.64 ĐO-S  |e available  |t Error 5001 Not defined in file expand_doc_bib_avail.  |f 1  |g 0  |h N  |i 0  |k 1 
999 |a From the UDN01 
AVA |a UDN50  |b LSP  |d 668.64 ĐO-S  |e available  |t Error 5001 Not defined in file expand_doc_bib_avail.  |f 1  |g 0  |h N  |i 0  |k 1 
TYP |a Monograph 
TYP |a Printed language 
980 |a Mạng thư viện Đại học Đà Nẵng